El teatro de Max Aub / (Record no. 108564)
[ view plain ]
| 000 -LEADER | |
|---|---|
| campo de control de longitud fija | 00600nam a2200205 i 4500 |
| 001 - NÚMERO DE CONTROL | |
| campo de control | 108564 |
| 003 - IDENTIFICADOR DE NÚMERO DE CONTROL | |
| campo de control | ES-MaACL |
| 005 - FECHA Y HORA DE LA ÚLTIMA TRANSACCIÓN | |
| campo de control | 20240125063138.0 |
| 007 - CAMPO FIJO DE DESCRIPCIÓN FÍSICA--INFORMACIÓN GENERAL | |
| campo de control de longitud fija | t| |
| 008 - DATOS DE LONGITUD FIJA--INFORMACIÓN GENERAL | |
| campo de control de longitud fija | 061121s1971 sp r ||||1| spa d |
| 100 1# - ENTRADA PRINCIPAL--NOMBRE DE PERSONA | |
| Nombre de persona | Monleón, José, |
| Fechas asociadas al nombre | 1927-2016 |
| 9 (RLIN) | 82230 |
| 245 13 - MENCIÓN DEL TÍTULO | |
| Título | El teatro de Max Aub / |
| Mención de responsabilidad, etc. | José Monleón. |
| 260 ## - PUBLICACIÓN, DISTRIBUCIÓN, ETC. | |
| Lugar de publicación, distribución, etc. | Madrid : |
| Nombre del editor, distribuidor, etc. | Taurus, |
| Fecha de publicación, distribución, etc. | 1971. |
| 300 ## - DESCRIPCIÓN FÍSICA | |
| Extensión | 145 p. ; |
| Dimensiones | 18 cm. |
| 490 1# - MENCIÓN DE SERIE | |
| Mención de serie | Cuadernos Taurus ; |
| Designación de volumen o secuencia | 104 |
| 600 14 - PUNTO DE ACCESO ADICIONAL DE MATERIA--NOMBRE DE PERSONA | |
| Nombre de persona | Aub, Max, |
| Fechas asociadas al nombre | 1903-1972 |
| 9 (RLIN) | 23783 |
| 830 0# - PUNTO DE ACCESO ADICIONAL DE SERIE-TÍTULO UNIFORME | |
| Título uniforme | Cuadernos Taurus ; |
| Designación de volumen o secuencia | 104 |
| 9 (RLIN) | 180748 |
| 852 ## - LOCALIZACIÓN | |
| Ubicación | ES-MaACL |
| Número de control de estantería | C-40325 |
| Sublocalización o colección | R.77216 |
| Estatus retirado | Estado de pérdida | Estado de daño | No para préstamo | Biblioteca de origen | Biblioteca actual | Ubicación en estantería | Fecha de adquisición | Fuente de adquisición | Total de préstamos | Signatura topográfica completa | Código de barras | Visto por última vez | Precio de reemplazo | Tipo de ítem Koha |
|---|---|---|---|---|---|---|---|---|---|---|---|---|---|---|
| Biblioteca del Ateneo de Madrid | Biblioteca del Ateneo de Madrid | Depósito 2 | 17/01/2008 | C-40325 | 1113281 | 23/02/2023 | 23/02/2023 | Libro impreso |
